000 01211nam a22003610a 4500
001 PT18401
003 AR-LpoUNG
005 20210131232816.0
008 191001s2003||||ag |||||||||||||||||spa d
020 _a987989717x
_c$5.8
040 _aAR-LpoUNG
_bspa
_cAR-LpoUNG
_eaacr
041 _aspa
044 _aag
082 0 _aA864 352cri
100 1 _aAlberdi, Juan Bautista
245 1 3 _aEl crimen de la guerra
250 _a1§ edición
260 _aBuenos Aires :
_bLibrería Histórica,
_c2003.
300 _a234 p. :
_btbls.
505 0 _aLa obra cuenta con una reflexión final de Dr. Horacio Sanguinetti
520 _aEl ensayo fue escrito por Alberdi a raiz de la convocatoria de una asociación religiosa europea -la Liga Internacional y Permanente de la Paz-, es una obra de gran valor moral e intelectual y de alarmante actualidad, de sorprendente aplicación a nuestra realidad del siglo xxi.
650 4 _aARGENTINA
650 4 _aCONFLICTOS
650 4 _aDESASTRES CAUSADOS POR EL HOMBRE
650 4 _aGUERRA
650 4 _aGUERRA
650 4 _aVIOLENCIA
653 _aENSAYO
653 _aMAES
700 1 _aAncarola, Gerardo
_epról.
905 _a18401
942 _cLIB
999 _c17599
_d17599